000
00224 a2200097 4500
001
47286
100
_a
Dulles, A
245
_a
The Craft of Intelligence
260
_a
London
_b
Weidenfeld & Nicolson
_c
090
_c
30327
_d
30327
942
_a
NUST-CAE
_c
M
_c
22589
999
_c
282359
_d
282359